=LDR 00000nam 2200000 4500 =001 INLIS000000000004010 =005 20130612092311 =008 ***********************************Ind** =035 ##$$0010-061300000004010 =041 ##$$a Ind =082 ##$$a 808.2 =090 ##$$a 808.2, Dur k =100 ##$$a Durrenmatt, Friedrick =245 ##$$a Kunjungan nyonya tua, Friedrick Durrenmatt; alih bahasa, Agus Setiadi =260 ##$$a 1991 $b Jakarta =300 ##$$a 110 hlm., 19 cm =650 ##$$a Drama =700 ##$$a Setiadi, Agus =850 ##$$a NBPNMAT